Hospodářské právo pro studující při zaměstnání Pro posl. fak. právnické

Bibliographic Details
Main Authors: Hajn, Petr, 1935- (Author), Bejček, Josef, 1952- (Author), Marek, Karel, 1949- (Author)
Format: Book
Language:Czech
PhysicalDescription:185, [1] s. 8°
Published: Brno Univ. J. E. Purkyně 1980

MARC

LEADER 00000nam a2200000 a 4500
001 vtls001226978
003 SK-MaSNL
005 20260302065228.0
008 240314s1980 xr 0 cze
035 |a SNK000173983 
040 |a SNK  |b slo  |c SNK  |e AACR2 
041 0 |a cze 
044 |a CZ 
100 1 |a Hajn, Petr,  |d 1935-  |4 aut  |9 94233 
245 1 0 |a Hospodářské právo pro studující při zaměstnání  |b Pro posl. fak. právnické  |c Petr Hajn, Josef Bejček, Karel Marek 
260 |a Brno  |b Univ. J. E. Purkyně  |c 1980 
300 |a 185, [1] s.  |c 8° 
700 1 |a Bejček, Josef,  |d 1952-  |4 aut  |9 134463 
700 1 |a Marek, Karel,  |d 1949-  |4 aut  |9 122324 
958 |a RK 
958 |a OND 
999 |c 1141007  |d 1142937 
952 |t P60, <04>, [BOOK], {604}  |a SNK  |b SNK  |y VYP  |7 0  |o snkIB 45038  |i snkKIP 2051/81  |0 0  |1 0  |4 0  |d 1996-04-26  |l 0  |r 2005-01-01 00:00:00  |w 2026-02-24 
952 |t P60, <04>, [BOOK], {604}  |a SNK  |b SNK  |y VYP  |7 0  |o snkIB 45038 D1  |i snkKIP 2052/81  |0 0  |1 0  |4 0  |d 1996-04-26  |l 0  |r 2005-01-01 00:00:00  |w 2026-02-24